<?xml version="1.0" encoding="UTF-8"?>
<collection xmlns="http://www.loc.gov/MARC21/slim">
 <record>
  <leader>04721nam a2200325 a 4500</leader>
  <controlfield tag="001">kal3231</controlfield>
  <controlfield tag="003">Gr-AtHEAL</controlfield>
  <controlfield tag="005">20160422074705.0</controlfield>
  <controlfield tag="006">m        d        </controlfield>
  <controlfield tag="008">160413s2015    gr      s           gre|c</controlfield>
  <datafield tag="020" ind1=" " ind2=" ">
   <subfield code="a">9789606030246</subfield>
  </datafield>
  <datafield tag="040" ind1=" " ind2=" ">
   <subfield code="a">GR-AtHEAL</subfield>
   <subfield code="b">gre</subfield>
   <subfield code="c">GR-AtHEAL</subfield>
  </datafield>
  <datafield tag="082" ind1="0" ind2="4">
   <subfield code="a">796</subfield>
   <subfield code="2">23</subfield>
  </datafield>
  <datafield tag="100" ind1="1" ind2=" ">
   <subfield code="a">Πατσιαούρας, Αστέριος.</subfield>
   <subfield code="8">508</subfield>
  </datafield>
  <datafield tag="245" ind1="1" ind2="2">
   <subfield code="a">Η προπονητική της πετοσφαίρισης</subfield>
   <subfield code="h">[Ηλεκτρονικός πόρος] </subfield>
   <subfield code="b">Θεωρία, τεχνική, μεθοδολογία, πλάνα προπόνησης</subfield>
   <subfield code="c">Πατσιαούρας, Αστέριος ; Κριτικός αναγνώστης,Αποστολίδης, Νικόλαος ; Γραφιστική επιμέλεια,Παπαδόπουλος, Κυριακός ; Γλωσσική επιμέλεια,Κατσαρού, Δήμητρα.</subfield>
  </datafield>
  <datafield tag="260" ind1=" " ind2=" ">
   <subfield code="a">Αθήνα :</subfield>
   <subfield code="b">Σύνδεσμος Ελληνικών Ακαδημαϊκών Βιβλιοθηκών,</subfield>
   <subfield code="c">c2015.</subfield>
  </datafield>
  <datafield tag="490" ind1=" " ind2=" ">
   <subfield code="a">Ακαδημαϊκά Ηλεκτρονικά Συγγράμματα και Βοηθήματα Κάλλιπος</subfield>
   <subfield code="8">40</subfield>
  </datafield>
  <datafield tag="520" ind1=" " ind2=" ">
   <subfield code="a">Η προπόνηση των αθλητών πετοσφαίρισης αποσκοπεί, αφενός μεν στην βελτίωση του παιχνιδιού της ομάδας, της ομαδικότητας και της ομοιογένειας του παιχνιδιού, αφετέρου δε στην ανάπτυξη και τη βελτίωση των ικανοτήτων του κάθε αθλητή μεμονωμένα, ώστε να εξελιχθεί και ο ίδιος ατομικά σαν παίκτης. Ο προπονητής σε κάθε προπονητική μονάδα θα πρέπει να λαμβάνει υπόψη του τα προαναφερόμενα επίπεδα. Για να το επιτύχει αυτό ο προπονητής πετοσφαίρισης δεν πρέπει να είναι μόνο ο ειδικός για τις ιδιαίτερες ασκήσεις που απαιτεί το άθλημα, αλλά θα πρέπει ταυτόχρονα να κατέχει και γνώσεις και από άλλα αντικείμενα της αθλητικής επιστήμης όπως, της φυσιολογίας, της διατροφής, της αθλητιατρικής, της αθλητικής ψυχολογίας κλπ. Συνήθως οι προπονητές σε δύσκολες ψυχολογικές καταστάσεις που απαιτούν άμεσες λύσεις στην προπόνηση ή στον αγώνα εφαρμόζουν τεχνικές που γνωρίζουν από την αθλητική ή την προπονητική τους εμπειρία χωρίς να ακολουθούν ένα καθορισμένο σχέδιο και χωρίς να γνωρίζουν επακριβώς τα προτερήματα και τα μειονεκτήματα των μεθόδων τους. Αυτό το οποίο λείπει είναι ένας συγκεκριμένος οδηγός για τις ενδεικνυόμενες μεθόδους χρησιμοποίησης προπόνησης ανάλογα με την κατηγορία, το φύλο των αθλουμένων και των ψυχολογικών τεχνικών ανάλογα με τις καταστάσεις που συμβαίνουν στην προπόνηση ή τον αγώνα. Για αυτό τον λόγο ενδεικτικά πλάνα προπόνησης θα υπάρχουν στο τέλος του βιβλίου ώστε να μπορούνε να χρησιμοποιηθούν από κάθε ενδιαφερόμενο-αναγνώστη.</subfield>
  </datafield>
  <datafield tag="650" ind1=" " ind2="0">
   <subfield code="a">Physical education and training</subfield>
   <subfield code="8">2149</subfield>
  </datafield>
  <datafield tag="653" ind1=" " ind2=" ">
   <subfield code="a">Μεθοδολογία προπόνησης</subfield>
  </datafield>
  <datafield tag="653" ind1=" " ind2=" ">
   <subfield code="a">Πλάνα προπόνησης</subfield>
  </datafield>
  <datafield tag="653" ind1=" " ind2=" ">
   <subfield code="a">Πετοσφαίριση</subfield>
  </datafield>
  <datafield tag="653" ind1=" " ind2=" ">
   <subfield code="a">Προπονητική</subfield>
  </datafield>
  <datafield tag="653" ind1=" " ind2=" ">
   <subfield code="a">Επιστήμες της ζωής</subfield>
   <subfield code="a">Αθλητική επιστήμη/επιστήμη φυσικής αγωγής και αθλητισμού</subfield>
  </datafield>
  <datafield tag="700" ind1="1" ind2=" ">
   <subfield code="a">Αποστολίδης, Νικόλαος</subfield>
   <subfield code="e">Κριτικός αναγνώστης</subfield>
   <subfield code="8">509</subfield>
  </datafield>
  <datafield tag="856" ind1="4" ind2="0">
   <subfield code="u">http://hdl.handle.net/11419/3231</subfield>
   <subfield code="z">Πλήρες Κείμενο - Full text</subfield>
  </datafield>
  <datafield tag="907" ind1=" " ind2=" ">
   <subfield code="a">.b25680158</subfield>
   <subfield code="b">12-06-18</subfield>
   <subfield code="c">29-07-16</subfield>
  </datafield>
  <datafield tag="949" ind1=" " ind2=" ">
   <subfield code="0">0</subfield>
   <subfield code="1">0</subfield>
   <subfield code="2">ddc</subfield>
   <subfield code="4">0</subfield>
   <subfield code="6">796_000000000000000_ΠΑΤ</subfield>
   <subfield code="7">0</subfield>
   <subfield code="8">KALL</subfield>
   <subfield code="8">774</subfield>
   <subfield code="d">2016-04-13</subfield>
   <subfield code="r">2016-04-13</subfield>
   <subfield code="w">2016-04-13</subfield>
   <subfield code="z">796 ΠΑΤ</subfield>
   <subfield code="o">SEAB KALLIPOS</subfield>
  </datafield>
  <datafield tag="998" ind1=" " ind2=" ">
   <subfield code="a">80</subfield>
   <subfield code="a">01</subfield>
   <subfield code="a">02</subfield>
   <subfield code="a">03</subfield>
   <subfield code="a">04</subfield>
   <subfield code="a">05</subfield>
   <subfield code="a">06</subfield>
   <subfield code="a">07</subfield>
   <subfield code="a">08</subfield>
   <subfield code="a">09</subfield>
   <subfield code="a">10</subfield>
   <subfield code="a">11</subfield>
   <subfield code="a">10</subfield>
   <subfield code="a">12</subfield>
   <subfield code="a">13</subfield>
   <subfield code="a">14</subfield>
   <subfield code="a">15</subfield>
   <subfield code="a">16</subfield>
   <subfield code="a">17</subfield>
   <subfield code="a">18</subfield>
   <subfield code="a">19</subfield>
   <subfield code="a">20</subfield>
   <subfield code="a">21</subfield>
   <subfield code="a">22</subfield>
   <subfield code="a">23</subfield>
   <subfield code="a">24</subfield>
   <subfield code="a">25</subfield>
   <subfield code="a">26</subfield>
   <subfield code="b">16-05-17</subfield>
   <subfield code="c">m</subfield>
   <subfield code="d">z  </subfield>
   <subfield code="e">-</subfield>
   <subfield code="f">gre</subfield>
   <subfield code="g">gr </subfield>
   <subfield code="h">2</subfield>
  </datafield>
  <datafield tag="942" ind1=" " ind2=" ">
   <subfield code="2">ddc</subfield>
   <subfield code="c">KALLIPOS</subfield>
  </datafield>
 </record>
</collection>
